000 00492nam a2200181Ia 4500
008 090124s9999 xx 000 0 und d
082 _b124385
100 _aगोडबोले अशोक
245 _a प्रतिशोध
250 _a1
260 _c1990
300 _a140
600 _aगोडबोले अशोक
630 _a प्रतिशोध
700 _aगोडबोले अशोक
730 _a प्रतिशोध
942 _cBOOK
999 _c170472
_d170472